[Event "Balears-ch U16"]
[Site "Eivissa"]
[Date "2018.05.04"]
[Round "2.4"]
[White "Perez Massanet, Oscar"]
[Black "Vidal Armendariz, Mikel"]
[Result "1-0"]
[WhiteElo "1130"]
[BlackElo "1327"]
[PlyCount "49"]
[EventDate "2018.05.04"]
[EventType "swiss"]
[EventRounds "5"]
[EventCountry "ESP"]
[SourceTitle "EXT 2024"]
[Source "ChessBase"]
[SourceDate "2023.10.10"]
[SourceVersion "1"]
[SourceVersionDate "2023.10.10"]
[SourceQuality "1"]

1. d4 Nf6 2. Nf3 d6 3. Bf4 Nbd7 4. e3 g6 5. Be2 Bg7 6. 0-0 0-0 7. h3 c5 8. c3 Re8 9. Bh2 Ne4 10. Nbd2 Nxd2 11. Qxd2 e5 12. dxe5 dxe5 13. e4 Nf6 14. Qc2 Nh5 15. Bb5 Bd7 16. Rad1 a6 17. Bxd7 Re7 18. Bg4 Qc7 19. Bxh5 gxh5 20. Rd5 Kh8 21. Bg3 Rg8 22. Nh4 Bh6 23. Nf5 Re6 24. Nxh6 Rxh6 25. Bxe5+ 1-0